[Event "TCh-AUT 2006-7"]
[Site "Leoben AUT"]
[Date "2007.01.19"]
[Round "5"]
[White "Horvath,Jo1"]
[Black "Polzin,R"]
[Result "1/2-1/2"]
[WhiteElo "2539"]
[BlackElo "2470"]

1.d4 Nf6 2.c4 g6 3.Nf3 Bg7 4.g3 O-O 5.Bg2 d6 6.Nc3 Nbd7 7.O-O e5 8.e4 a6
9.d5 Nc5 10.Qc2 a5 11.Bg5 Bd7 12.Ne1 h6 13.Be3 Ng4 14.Bxc5 dxc5 15.Nd3 Qe7
16.h3 Nf6 17.Kh2 h5 18.f4 h4 19.g4 exf4 20.e5 Nh7 21.Rae1 Rae8 22.Rxf4 b6
23.Kh1 Qg5 24.Ne4 Qh6 25.Qf2 Rxe5 26.Nxe5 Bxe5 27.g5 Nxg5 28.Qxh4 Qxh4 29.Rxh4 Nxe4
30.Rhxe4 Bd6 31.b3 Kg7 32.Kg1 a4 33.Kf2 Ra8 34.R4e3 Rh8  1/2-1/2

[Event "SDZ Open"]
[Site "Solin CRO"]
[Date "2007.01.22"]
[Round "3"]
[White "Peric,D"]
[Black "Basic,I"]
[Result "1-0"]
[WhiteElo "1949"]
[BlackElo "2046"]

1.d4 g6 2.c4 Bg7 3.Nf3 d6 4.g3 Nf6 5.Bg2 O-O 6.O-O c6 7.Nc3 d5 8.Ne5 e6 9.b3 Qa5
10.Bb2 Nbd7 11.Nxd7 Nxd7 12.cxd5 exd5 13.e3 Nf6 14.h3 h5 15.Ne2 Ne4 16.Nf4 Qd8
17.Kh2 Qd6 18.Qc1 b6 19.Bxe4 dxe4 20.Ba3 Qd7 21.Bxf8 Kxf8 22.Rh1 c5 23.dxc5 Qf5
24.c6 g5 25.Qa3+ Kg8 26.g4 Qe5 27.Rad1 Be6 28.Qd6 gxf4 29.exf4 Qc3 30.c7 Kh7
31.Kg1 Bc8 32.Rd5 f5 33.gxf5 Bf6 34.Qf8 e3 35.Qf7+ Bg7 36.Qg6+  1-0

[Event "ch-EST"]
[Site "Tallinn EST"]
[Date "2007.01.25"]
[Round "7"]
[White "Volodin,Alek"]
[Black "Seeman,T"]
[Result "1/2-1/2"]
[WhiteElo "2354"]
[BlackElo "2425"]

1.d4 g6 2.c4 Bg7 3.Nf3 Nf6 4.g3 O-O 5.Bg2 d6 6.O-O c6 7.h3 Qa5 8.Nc3 Be6
9.Qb3 Qa6 10.d5 cxd5 11.cxd5 Bd7 12.e4 Qb6 13.Qa3 Na6 14.Be3 Qb4 15.Qxb4 Nxb4
16.Rac1 Rfc8 17.Rfd1 Ne8 18.Nd4 Na6 19.Bf1 Nc5 20.f3 Na4 21.Nxa4 Bxa4 22.b3 Bd7
23.g4 a6 24.Kf2 Kf8 25.Bd3 Nf6 26.Ne2 Be8 27.f4 Nd7 28.Kf3 Bb2 29.Rb1 Bg7
30.Rbc1 a5 31.Rxc8 Rxc8 32.Rc1 Rxc1 33.Nxc1 Bc3 34.Bc4 Bb4 35.Nd3 Ba3 36.Bd4 Nc5
37.Nxc5 dxc5 38.Bc3 a4 39.Bd3 f6 40.e5 fxe5 41.fxe5 axb3 42.axb3 Bc1 43.e6 h6
44.Be5 Ba3 45.Be4 b5 46.Bd3 g5 47.Ke2 Kg8 48.Kf2 Bc1 49.Ke2 Ba3 50.Kd2 Bb4+
51.Kc2 Ba5 52.Be4 Bb4 53.Bf5 c4 54.Be4 Kf8 55.Bh7 Ba5 56.Bf5 Be1 57.Be4 Bb4
58.Bd4 Kg8 59.Be5 Kf8 60.Bd4 Kg8 61.Be5  1/2-1/2

[Event "ch-Kyiv"]
[Site "Kyiv UKR"]
[Date "2007.01.28"]
[Round "9"]
[White "Baryshpolets,A"]
[Black "Solomaha,A"]
[Result "1/2-1/2"]
[WhiteElo "2264"]
[BlackElo "2305"]

1.d4 Nf6 2.Nf3 g6 3.c4 Bg7 4.g3 O-O 5.Bg2 d6 6.Nc3 c6 7.O-O a6 8.e4 Nfd7
9.b3 b5 10.cxb5 axb5 11.Bb2 Bb7 12.Qc2 Qb6 13.Rfd1 Na6 14.Qe2 Nc7 15.e5 dxe5
16.dxe5 Rfd8 17.Ne4 c5 18.b4 Ne6 19.bxc5 Ndxc5 20.Nxc5 Qxc5 21.a3  1/2-1/2

[Event "SDZ Open"]
[Site "Solin CRO"]
[Date "2007.01.28"]
[Round "9"]
[White "Peric,D"]
[Black "Vujcic,T"]
[Result "0-1"]
[WhiteElo "1949"]
[BlackElo "2142"]

1.d4 g6 2.Nf3 Bg7 3.c4 Nf6 4.g3 O-O 5.Bg2 d6 6.O-O Nbd7 7.Nc3 e5 8.e4 a6
9.h3 Rb8 10.Rb1 b5 11.cxb5 axb5 12.Re1 Bb7 13.d5 Ba8 14.Bf1 b4 15.Na4 c6
16.dxc6 Bxc6 17.Bd3 Qa5 18.Bc2 Qa8 19.Nd2 Bxa4 20.Bxa4 Nc5 21.Bb3 Rfd8 22.Qf3 Nxb3
23.axb3 Qa2 24.Qe3 d5 25.f3 h5 26.g4 hxg4 27.hxg4 dxe4 28.g5 Nd5 29.Qxe4 Nc3
30.bxc3 bxc3 31.Nc4 Rd4 32.Re2 Rxe4 33.Rxa2 Rxc4 34.bxc4 Rxb1 35.Rc2 e4 36.fxe4 Rb2
37.Rg2 Rb1 38.Rc2 Bd4+ 39.Kg2 Rb2 40.Bxb2 cxb2 41.Rxb2 Bxb2 42.Kf3 Kf8 43.Kf4 Ke7
44.e5 Ke6  0-1

[Event "12th HIT Open A"]
[Site "Nova Gorica SLO"]
[Date "2007.01.29"]
[Round "6"]
[White "Skoberne,J"]
[Black "Guid,M"]
[Result "1-0"]
[WhiteElo "2436"]
[BlackElo "2278"]

1.c4 Nf6 2.Nf3 g6 3.d4 Bg7 4.g3 O-O 5.Bg2 d6 6.O-O Nc6 7.Nc3 a6 8.h3 Rb8
9.e4 Nd7 10.Be3 Na5 11.b3 b5 12.cxb5 axb5 13.Rc1 b4 14.Nd5 c6 15.Nf4 Ba6
16.Re1 e5 17.Nd3 exd4 18.Bxd4 Bxd4 19.Nxd4 c5 20.Nf3 c4 21.Nf4 Nc5 22.bxc4 Bxc4
23.e5 Bxa2 24.exd6 Ne6 25.Nd5 b3 26.Ne7+ Kg7 27.Rxe6 b2 28.Qd4+ f6 29.Ree1 bxc1=Q
30.Rxc1 Rb1 31.Rxb1 Bxb1 32.Qa7 Rf7 33.Qc7 Nb7 34.Qxb7 Qxd6 35.Qxb1 Rxe7
36.h4 Qc5 37.Bf1 Qd5 38.Kg2 Rb7 39.Qc1 Re7 40.Qa3 Rc7 41.Qe3 Rd7 42.Qf4 Re7
43.Bc4 Qe4 44.Qd6 Re8 45.Bd5 Qe7 46.Qf4 Rd8 47.Bc4 Qd6 48.Qg4 Qc6 49.h5 Re8
50.Bd3 Qd5 51.Bxg6 hxg6 52.Qxg6+ Kf8 53.Qxf6+ Kg8 54.g4 Qe4 55.Kg3 Rf8 56.Qg5+ Kh7
57.Ne5 Rg8 58.Qf4 Qb1 59.Kh2 Qc2 60.Kg2 Qe2 61.Qf5+ Kh6 62.Nf7+ Kg7 63.h6+ Kf8
64.Ne5+ Ke7 65.h7  1-0

[Event "ch-UKR U20"]
[Site "Lviv UKR"]
[Date "2007.02.02"]
[Round "3"]
[White "Kononenko,Dmitry1"]
[Black "Onischuk,V"]
[Result "1/2-1/2"]
[WhiteElo "2495"]
[BlackElo "2469"]

1.d4 Nf6 2.c4 g6 3.Nf3 Bg7 4.g3 O-O 5.Bg2 d6 6.O-O Nbd7 7.Nc3 c6 8.e4 e5
9.h3 Qe7 10.Be3 b6 11.d5 cxd5 12.Nxd5 Nxd5 13.Qxd5 Ba6 14.Rfd1  1/2-1/2

[Event "OCF Winter NAO FIDE Op"]
[Site "Stillwater USA"]
[Date "2007.02.17"]
[Round "2"]
[White "Vavrak,P"]
[Black "West,V"]
[Result "1-0"]
[WhiteElo "2423"]
[BlackElo "2103"]

1.d4 Nf6 2.Nf3 g6 3.c4 Bg7 4.g3 O-O 5.Bg2 d6 6.O-O Nbd7 7.Nc3 e5 8.e4 Ne8
9.Bg5 f6 10.Be3 f5 11.Ng5 Nb6 12.dxe5 Bxe5 13.c5 Bf6 14.cxb6 Bxg5 15.bxc7 Nxc7
16.Bxg5 Qxg5 17.Qxd6 Ne8 18.Qd5+ Kh8 19.Qc5 Rf7 20.Rfe1 Bd7 21.f4 Qd8 22.Rad1 Rc8
23.Qxa7 Qc7 24.a4 Bc6 25.Qd4+ Kg8 26.exf5 Rxf5 27.Bd5+ Rf7 28.Bxf7+ Qxf7
29.Ne4 Qb3 30.Nf6+ Kf7 31.Nxh7 Bxa4 32.Rd3 Qb5 33.Rde3  1-0

[Event "ch-St Petersburg sf"]
[Site "St Petersburg RUS"]
[Date "2007.02.18"]
[Round "9"]
[White "Lovkov,R"]
[Black "Gorovykh,E"]
[Result "1-0"]
[WhiteElo "2429"]
[BlackElo "2381"]

1.d4 Nf6 2.Nf3 g6 3.c4 Bg7 4.g3 O-O 5.Bg2 d6 6.O-O Nc6 7.Nc3 a6 8.h3 Rb8
9.e4 b5 10.cxb5 axb5 11.e5 Nd7 12.Ng5 Nxd4 13.Qxd4 Nxe5 14.Qh4 h6 15.Nge4 e6
16.Qxd8 Rxd8 17.Rd1 b4 18.Ne2 Bb7 19.Nf4 Nc4 20.Rb1 Ra8 21.Nd3 c5 22.b3 Na3
23.Bxa3 bxa3 24.Nd2 Bxg2 25.Kxg2 Rdc8 26.Rbc1 Bd4 27.Rc2 Kf8 28.Rdc1 Rcb8
29.Kf1 Ke7 30.Ke2 f5 31.Nc4 Rb5 32.Nd2 Ra7 33.Kf1 Rbb7 34.Nf4 g5 35.Ne2 Bg7
36.Nc3 d5 37.Nd1 Bd4 38.Nf3 e5 39.Nxd4 cxd4 40.Rc6 h5 41.R1c5 Rd7 42.Rh6 Rac7
43.Ra5 Rc1 44.Ke1 Rdc7 45.Rxa3 e4 46.Raa6 Kf8 47.Rhf6+ Rf7 48.Rxf7+ Kxf7
49.Rd6 Rc5 50.b4 Rb5 51.a3 f4 52.gxf4 gxf4 53.f3 Ke7 54.Ra6 d3 55.Nc3  1-0

[Event "TCh-NED 2006-7"]
[Site "Netherlands NED"]
[Date "2007.03.03"]
[Round "6"]
[White "Berkvens,J"]
[Black "Buenermann,V"]
[Result "1/2-1/2"]
[WhiteElo "2470"]
[BlackElo "2304"]

1.Nf3 Nf6 2.c4 g6 3.d4 Bg7 4.g3 O-O 5.Bg2 d6 6.O-O c6 7.Nc3 Qa5 8.h3 Be6
9.Nd2 Qh5 10.e3 Qxd1 11.Rxd1 d5 12.b3 Na6 13.Ba3 Rfe8 14.Rac1 Rad8 15.Na4 Bc8
16.b4 dxc4 17.Nc5 Nxc5 18.bxc5 c3 19.Rxc3 e5 20.dxe5 Rxe5 21.Rcc1 Ree8 22.Nc4 Rxd1+
23.Rxd1 Be6 24.Nd6 Re7 25.Rb1 Bxa2 26.Rxb7 Rxb7 27.Nxb7 Bd5 28.f3 Nd7 29.Kf2 f5
30.Bf1 Bf8 31.Bd3 Ne5 32.Be2 Nd7 33.Ke1 Be7 34.Bb4 Kf7 35.Kd2 Ke6 36.g4 Ne5
37.f4 Nf3+ 38.Kc2 Ng1 39.Bf1 Be4+ 40.Kd2 Nf3+ 41.Kd1 h6 42.Bc4+ Bd5 43.Bxd5+ Kxd5
44.Ke2 fxg4 45.hxg4 Nh2 46.f5 gxf5 47.gxf5 Ng4 48.Bc3 Bf6 49.Bxf6 Nxf6 50.Kf3 Ke5
51.Nd6 a5 52.e4 Nxe4  1/2-1/2

[Event "TCh-AUT 2006-7"]
[Site "Mattersburg AUT"]
[Date "2007.03.09"]
[Round "9"]
[White "Stangl,M"]
[Black "Baklan,V"]
[Result "0-1"]
[WhiteElo "2465"]
[BlackElo "2618"]

1.Nf3 Nf6 2.c4 g6 3.d4 Bg7 4.g3 O-O 5.Bg2 d6 6.O-O Nc6 7.Nc3 a6 8.b3 Rb8
9.e3 b5 10.Qe2 bxc4 11.Qxc4 Nb4 12.a3 Be6 13.Qe2 Nbd5 14.Nxd5 Bxd5 15.b4 a5
16.bxa5 c5 17.Bd2 Ne4 18.Rab1 Rxb1 19.Rxb1 Nxd2 20.Qxd2 Qa8 21.Ne1 Bxg2 22.Nxg2 cxd4
23.exd4 Qe4 24.Re1 Qxd4 25.Qxd4 Bxd4 26.Rxe7 Ra8 27.Re4 Bc5 28.Ra4 Kf8 29.Nf4 Ke8
30.Nd5 Kd7 31.Nf6+ Kc6 32.Nxh7 d5 33.Ng5 d4 34.Ne4 Kb5 35.Nxc5 Kxc5 36.Kf1 Re8
37.Rb4 d3 38.Rb1 Kc4 39.Re1 Rd8 40.Re4+ Kc3 41.Ke1 Rb8  0-1

[Event "I Open"]
[Site "La Laguna ESP"]
[Date "2007.03.12"]
[Round "9"]
[White "Pereda de Pablo,E"]
[Black "Hernandez Rios,I"]
[Result "1-0"]
[WhiteElo "2167"]
[BlackElo "1941"]

1.d4 g6 2.Nf3 Bg7 3.g3 Nf6 4.Bg2 O-O 5.c4 d6 6.O-O c5 7.Nc3 Nc6 8.dxc5 dxc5
9.Be3 Be6 10.Qa4 Rc8 11.Rfd1 Qa5 12.Qxa5 Nxa5 13.b3 Ng4 14.Bd2 Rfd8 15.Rac1 Nc6
16.h3 Nge5 17.Nxe5 Bxe5 18.Nd5 Bxd5 19.Bxd5 b6 20.Bg5 Nd4 21.Kf1 Rc7 22.e3 Ne6
23.Bxe6 Rxd1+ 24.Rxd1 fxe6 25.Ke2 Bf6 26.h4 Kf7 27.g4 a6 28.Rd8 b5 29.Ra8 bxc4
30.bxc4 Rb7 31.Bh6 Bg7 32.Bxg7 Kxg7 33.Rxa6 Kf6 34.Rc6 Rb2+ 35.Kf3 Rxa2 36.Rxc5 Ra1
37.Ke4 Rg1 38.f3 Rd1 39.h5 g5 40.Rc8 Rc1 41.c5 Rc4+ 42.Kd3 Rc1 43.c6 Ke5
44.Rh8 Rxc6 45.Rxh7 Kf6 46.Rh8 Kg7 47.Rd8 Rc1 48.Ke4 Kf6 49.Rg8 Rc6 50.Kd3 Rc1
51.Rg6+ Kf7 52.Rxg5 Rf1 53.f4 Rg1 54.Ke4 Ra1 55.h6 Ra8 56.h7 Ra4+ 57.Kf3 Ra8
58.Rg8 Rxg8 59.hxg8=Q+ Kxg8 60.Ke4  1-0

[Event "ch-SRB"]
[Site "Vrsac SRB"]
[Date "2007.03.12"]
[Round "8"]
[White "Solak,D"]
[Black "Todorovic,J"]
[Result "1/2-1/2"]
[WhiteElo "2564"]
[BlackElo "2381"]

1.d4 Nf6 2.c4 g6 3.Nf3 Bg7 4.g3 O-O 5.Bg2 d6 6.O-O c6 7.Nc3 Qa5 8.e4 e5 9.h3 exd4
10.Nxd4 Qc5 11.Nde2 Qxc4 12.Qxd6 Na6 13.Be3 Nd7 14.Rad1 Re8 15.f4 Ndc5 16.e5 Bf8
17.Qd4 Be6 18.b3 Qb4 19.g4 Rad8 20.Qxd8 Rxd8 21.Rxd8 Qa5 22.Rfd1 Kg7 23.f5 gxf5
24.Ng3 Qxc3 25.Nh5+ Kg6 26.Nf4+ Kg7 27.Nh5+ Kg6 28.Nf4+ Kg7 29.Nh5+  1/2-1/2

[Event "VS Arhipov Mem"]
[Site "Chelyabinsk RUS"]
[Date "2007.03.17"]
[Round "9"]
[White "Mkrtchian,L"]
[Black "Kurnosov,I"]
[Result "0-1"]
[WhiteElo "2458"]
[BlackElo "2580"]

1.d4 Nf6 2.c4 g6 3.Nf3 Bg7 4.g3 O-O 5.Bg2 d6 6.Nc3 Nc6 7.O-O Bf5 8.b3 e5
9.d5 Ne7 10.Bb2 Qd7 11.Qd2 Bh3 12.e4 Bxg2 13.Kxg2 Nh5 14.h3 f5 15.Qe2 Bh6
16.Rae1 Rf7 17.Bc1 Bxc1 18.Rxc1 h6 19.Nh4 Ng7 20.f3 g5 21.Nxf5 Nexf5 22.exf5 Nxf5
23.Ne4 Raf8 24.Qd3 Nd4 25.Nd2 Kg7 26.Rce1 h5 27.Re4 Rf6 28.Ree1 Qf7 29.Re4 Qg6
30.Re3 Nf5 31.Re4 h4 32.g4 Ng3 33.Rfe1 Nxe4 34.Rxe4 c6 35.Qe3 cxd5 36.cxd5 a6
37.Rc4 Rf4 38.Rc7+ R8f7 39.Rc8 Kh7 40.Qc3 Rd4 41.Rd8 Qf6  0-1

[Event "zt 2.5 m"]
[Site "San Luis ARG"]
[Date "2007.03.19"]
[Round "1"]
[White "Lemos,D"]
[Black "Quiroga,S"]
[Result "1-0"]
[WhiteElo "2439"]
[BlackElo "2260"]

1.d4 Nf6 2.c4 g6 3.g3 Bg7 4.Bg2 d6 5.Nf3 O-O 6.O-O Nbd7 7.Nc3 e5 8.h3 c6
9.e4 Qb6 10.c5 dxc5 11.dxe5 Ne8 12.e6 fxe6 13.Ng5 Nc7 14.f4 Bd4+ 15.Kh2 Nf6
16.e5 Nfd5 17.Nce4 Ne8 18.Qg4 Qc7 19.Rd1 b6 20.Qe2 a5 21.Nf3 Ba6 22.Qe1 Nb4
23.Nxd4 cxd4 24.Ng5 Ng7 25.Qe4 Rac8 26.a3 Nd5 27.Rxd4 Nf5 28.Rd1 h6 29.Nf3 Qf7
30.Bd2 Bb7 31.Rf1 c5 32.Qe1 a4 33.Bh1 Rfd8 34.Rc1 Rd7 35.g4 Ng7 36.Nh4 Ne7
37.Bxb7 Rxb7 38.Nf3 Ne8 39.Qe4 Nd5 40.Nh4 g5 41.fxg5 hxg5 42.Ng6 Rd8  1-0

[Event "ch-RUS U20"]
[Site "Saint Petersburg RUS"]
[Date "2007.03.21"]
[Round "11"]
[White "Iljin,A"]
[Black "Chadaev,N"]
[Result "1/2-1/2"]
[WhiteElo "2529"]
[BlackElo "2484"]

1.d4 Nf6 2.c4 g6 3.Nf3 Bg7 4.g3 O-O 5.Bg2 d6 6.Nc3 Nc6 7.O-O Bd7 8.e4 Bg4
9.h3 Bxf3 10.Bxf3 Nd7 11.Be3 e5 12.d5 Nd4 13.Bg2 c5 14.dxc6 bxc6 15.b4 Qe8
16.Qd3 Qe6 17.Rfc1 Nb6 18.Bf1 Rad8 19.b5 c5 20.a4 f5 21.a5 Nd7 22.Nd5 f4
23.gxf4 exf4 24.Bxf4 Be5 25.Qe3 Bxf4 26.Nxf4 Qf6 27.Nd3 Nc2 28.Rxc2 Qxa1
29.Rc1 Qxa5 30.Bg2 Rde8 31.f4 Qa3 32.Qd2 Nf6 33.e5 dxe5 34.fxe5 Rd8 35.Rd1 Nh5
36.e6 Rde8 37.Re1 Kg7 38.Bc6 Re7 39.Qg5 Rf6 40.Qxc5 Qxc5+ 41.Nxc5 Nf4 42.Bd7 Nxh3+
43.Kh2 Ng5 44.Ra1 Rf5 45.Rxa7 Rxc5 46.b6 Rxc4 47.Bb5 Rc2+ 48.Kg1 Kf6 49.Rxe7 Rb2
50.Rc7 Kxe6 51.Rc5 Kd6 52.Rxg5 h6 53.Rxg6+ Kc5 54.Bd3 Rxb6 55.Rg4 Kd5 56.Kf2 h5
57.Rg5+ Kd4 58.Be2 Rf6+ 59.Kg3 Re6 60.Bxh5 Re5 61.Rg4+ Re4 62.Rg8 Ke3 63.Bf3 Re5
64.Ra8 Rg5+ 65.Bg4 Re5 66.Ra3+ Ke4 67.Bf3+ Kf5 68.Ra8 Kg5 69.Rg8+ Kf5 70.Rh8 Kg5
71.Rf8 Rc5 72.Rg8+ Kf5 73.Bg4+ Ke4 74.Rf8 Rg5 75.Rf1 Re5 76.Re1+  1/2-1/2

[Event "Rector Cup m"]
[Site "Kharkiv UKR"]
[Date "2007.03.23"]
[Round "7"]
[White "Maiorov,N"]
[Black "Onischuk,V"]
[Result "0-1"]
[WhiteElo "2516"]
[BlackElo "2469"]

1.d4 Nf6 2.c4 g6 3.Nf3 Bg7 4.g3 O-O 5.Bg2 d6 6.O-O c6 7.Nc3 a6 8.e4 Bg4 9.h3 Bxf3
10.Bxf3 Nfd7 11.Be3 c5 12.d5 b5 13.Be2 b4 14.Na4 Nb6 15.Nxb6 Qxb6 16.Qd2 Re8
17.Rad1 Qa5 18.Ra1 Qc7 19.Rfd1 Nd7 20.f4 Rab8 21.Bf2 b3 22.a3 Nb6 23.Rab1 e6
24.dxe6 Rxe6 25.Qd3 Na4 26.Rd2 Qa5 27.Bf3 Nxb2 28.Rdxb2 Bxb2 29.Rxb2 Qxa3
30.Rb1 a5 31.Be1 a4 32.Qc3 Qa2 33.Qd3 a3 34.Bd1 Qxb1 35.Qxb1 a2 36.Qb2 Ra8
37.Bc3 a1=Q 38.Qxa1 Rxa1 39.Bxa1 Rxe4 40.Kf2 Rxc4 41.Bxb3 Rc1 42.Bf6 c4 43.Ba4 c3
44.Ke2 Rg1 45.Bxc3 Rxg3 46.Bb4 Rxh3 47.Bxd6 Kg7 48.Bc6 Rb3 49.Bd5 Rb6 50.Be5+ f6
51.Bc3 Rb5 52.Be4 h6 53.Bd3 Rb3 54.Bd4 g5 55.fxg5 hxg5 56.Ke3 Rb4 57.Ke4 Kf7
58.Ke3 Ke6 59.Bc3 Rh4 60.Bd4 f5 61.Ba6 Rh3+ 62.Kf2 Kf7 63.Bc4+ Kg6 64.Bb5 g4
65.Be2 Kg5 66.Bb6 Rh2+ 67.Kf1 Rh8 68.Bc5 Re8 69.Kf2 f4 70.Bb6 Rb8 71.Bd4 Rb4
72.Bc3 Ra4 73.Bd2 Ra2 74.Ke1 Ra3 75.Bb5 g3 76.Bc6 Kf5 77.Ke2 Ra2 78.Bf3 Ke5
79.Kd3 Ra3+ 80.Ke2 Kf5 81.Bc1 Ra2+ 82.Bd2 Kg5 83.Kd3 Ra4 84.Bc6 Ra6 85.Bb7 Rb6
86.Bf3 Rd6+ 87.Ke2 Rd4 88.Bc3 Ra4 89.Bd2 Kh4 90.Bc6 Rd4 91.Bb7 Kh3 92.Be1 Ra4
93.Kf3 Ra1 94.Bb4 Rf1+ 95.Ke2 g2 96.Bc5 Kg3  0-1

[Event "Rector Cup w"]
[Site "Kharkiv UKR"]
[Date "2007.03.24"]
[Round "8"]
[White "Chistiakova,T"]
[Black "Gorbatenko,K"]
[Result "1-0"]
[WhiteElo "2308"]
[BlackElo "2082"]

1.Nf3 Nf6 2.c4 g6 3.d4 Bg7 4.g3 d6 5.Bg2 O-O 6.Nc3 c5 7.b3 Nc6 8.Bb2 Bg4
9.d5 Na5 10.Qc2 Rb8 11.e4 a6 12.O-O b5 13.Nd2 Qc8 14.f4 Bh3 15.e5 Bf5 16.Nce4 Nxe4
17.Bxe4 bxc4 18.Bxf5 gxf5 19.Bc3 cxb3 20.axb3 Nb7 21.Rxa6 Qd7 22.Qd3 c4 23.Qxc4 Nc5
24.Rc6 Rfc8 25.Ra1 e6 26.Rxd6 exd5 27.Qxd5 Qc7 28.Bd4 Ne6 29.Ra7 Qc1+ 30.Nf1 Bf8
31.Rxe6 Rc5 32.Rg6+  1-0

[Event "zt 2.5 m"]
[Site "San Luis ARG"]
[Date "2007.03.25"]
[Round "9"]
[White "Lafuente,P"]
[Black "Roselli Mailhe,B"]
[Result "0-1"]
[WhiteElo "2455"]
[BlackElo "2446"]

1.d4 Nf6 2.c4 g6 3.Nf3 Bg7 4.g3 O-O 5.Bg2 d6 6.O-O Nc6 7.Nc3 a6 8.Re1 Rb8
9.Rb1 h6 10.h3 Nd7 11.b4 e5 12.e3 Kh7 13.b5 axb5 14.cxb5 Na5 15.a4 b6 16.Ba3 Bb7
17.Bb4 e4 18.Nd2 f5 19.Bxa5 bxa5 20.Nc4 Ra8 21.b6 d5 22.bxc7 Qxc7 23.Nd2 Nf6
24.Nb5 Qe7 25.Rc1 Ne8 26.Nb3 g5 27.Qd2 Qd8 28.Rc2 Rf7 29.Rec1 Bf8 30.Nc5 Bc8
31.f3 Nd6 32.Nxd6 Bxd6 33.fxe4 fxe4 34.Nxe4 Bf5 35.Nxd6 Qxd6 36.Rc5 Be4 37.Bxe4+ dxe4
38.Re5 Re8 39.Rcc5 Ref8 40.Qc2 Rf1+ 41.Kg2  0-1

[Event "30th Open"]
[Site "San Sebastian ESP"]
[Date "2007.04.05"]
[Round "5"]
[White "Jerez Perez,A"]
[Black "Aabling Thomsen,J"]
[Result "1/2-1/2"]
[WhiteElo "2413"]
[BlackElo "2267"]

1.d4 g6 2.c4 Bg7 3.Nf3 d6 4.g3 Nf6 5.Bg2 O-O 6.O-O Nbd7 7.Nc3 e5 8.b3 Re8
9.Bb2 exd4 10.Nxd4 a5 11.Qc2 Nc5 12.Rad1 Bd7 13.Rfe1 Ng4 14.h3 Ne5 15.Kh2 h5
16.Nf3 Nxf3+ 17.Bxf3 h4 18.g4 Qf6 19.Kg2 Bc6 20.Bxc6 bxc6 21.Na4 Qg5 22.Bxg7 Kxg7
23.Nxc5 Qxc5 24.Qc3+ Qe5 25.Qxe5+  1/2-1/2

[Event "II Rapid"]
[Site "Canada de Calatrava ESP"]
[Date "2007.04.07"]
[Round "4"]
[White "Miton,K"]
[Black "Del Rey,D"]
[Result "1/2-1/2"]
[WhiteElo "2655"]
[BlackElo "2400"]

1.d4 d6 2.Nf3 Nf6 3.c4 g6 4.g3 Bg7 5.Bg2 O-O 6.O-O c6 7.Nc3 Bf5 8.Ne1 Qc8
9.e4 Bh3 10.f3 Bxg2 11.Kxg2 c5 12.d5 e6 13.Nd3 exd5 14.cxd5 Qd7 15.a4 Na6
16.Be3 Rfe8 17.Re1 h5 18.h3 Nh7 19.Nf4 Nb4 20.Qd2 Be5 21.Re2 a6 22.Nd3 Bg7
23.Nxb4 cxb4 24.Nd1 a5 25.Bd4 b5 26.axb5 Qxb5 27.Bxg7 Kxg7 28.Ne3 Kg8 29.Nc2 Nf6
30.Nd4 Qa6 31.Rc1 Rac8 32.Rxc8 Rxc8 33.Nc6 Re8 34.Rf2 Nd7 35.g4 h4 36.Qg5 Ne5
37.Nxe5 Rxe5 38.Qxh4 g5 39.Qh6 a4 40.f4 gxf4 41.Qxf4 Re7 42.Qg5+ Kf8 43.Qf6 Ke8
44.e5 Qd3 45.Qxd6 Qe4+ 46.Kg1 Qe1+ 47.Kg2 Qe4+ 48.Rf3 Qe2+ 49.Kg3 Qxe5+ 50.Qxe5 Rxe5
51.Rf4  1/2-1/2

[Event "9th Open"]
[Site "Foxwoods USA"]
[Date "2007.04.07"]
[Round "7"]
[White "Aramil,W"]
[Black "Ruggiero,P"]
[Result "1-0"]
[WhiteElo "2222"]
[BlackElo "2034"]

1.d4 Nf6 2.c4 g6 3.Nf3 Bg7 4.g3 O-O 5.Bg2 d6 6.O-O Nbd7 7.Nc3 e5 8.Qc2 a6
9.a4 exd4 10.Nxd4 c5 11.Nf3 Re8 12.e4 Ne5 13.Nxe5 dxe5 14.a5 Be6 15.b3 b6
16.Na4 Nd7 17.axb6 Nxb6 18.Nxc5 Qc8 19.Be3 a5 20.Rfc1 Re7 21.Qc3 a4 22.Nxe6 Qxe6
23.c5 Rc7 24.b4 Rac8 25.Bf1 Qc6 26.Qc2 f5 27.Qa2+ Kh8  1-0

[Event "1st Archil Ebralidze Mem"]
[Site "Tbilisi GEO"]
[Date "2007.04.07"]
[Round "7"]
[White "Gaprindashvili,V"]
[Black "Chibukhchian,A"]
[Result "1/2-1/2"]
[WhiteElo "2489"]
[BlackElo "2419"]

1.d4 Nf6 2.c4 g6 3.g3 Bg7 4.Bg2 d6 5.Nf3 O-O 6.O-O c6 7.Nc3 Nbd7 8.e4 e5
9.h3 a5 10.Be3 exd4 11.Nxd4 Nc5 12.Qc2 Re8 13.Rad1 Qe7 14.Rfe1 Bd7 15.f3 a4
16.Bf2 Qd8 17.f4 Qa5 18.g4 Bxg4 19.hxg4 Nxg4 20.Bf3 Nxf2 21.Kxf2 Bxd4+ 22.Rxd4 Ne6
23.Qd2 Qb6 24.Ne2 Ra5 25.Rd1 f5 26.exf5 Nxd4 27.Qxd4 Qxd4+ 28.Rxd4 Rxf5 29.Rxd6 Kf7
30.Rd4 Ke7 31.Ng3 Ra5 32.Ke3 Rd8 33.Rxd8 Kxd8 34.Ne4 Ke7 35.a3 h5  1/2-1/2

[Event "5th Arab Cities"]
[Site "Beirut LBN"]
[Date "2007.04.10"]
[Round "4"]
[White "Adly,A"]
[Black "Khairallah,F"]
[Result "1-0"]
[WhiteElo "2503"]
[BlackElo "2317"]

1.d4 Nf6 2.c4 g6 3.Nf3 Bg7 4.g3 d6 5.Bg2 O-O 6.O-O Nbd7 7.Nc3 e5 8.h3 a5
9.e4 exd4 10.Nxd4 Re8 11.Re1 Nc5 12.Bg5 h6 13.Bf4 Nfd7 14.Be3 c6 15.Qc2 Ne5
16.b3 a4 17.Rad1 Qa5 18.f4 Ned7 19.Kh2 Qb4 20.Nce2 Nf6 21.Nc3 axb3 22.axb3 Ra3
23.Bc1 Nxb3 24.Qb2 Ra8 25.Qxb3 Ng4+ 26.hxg4 Qxb3 27.Nxb3 Bxc3 28.Re3 Bxg4
29.Rxd6 Bb4 30.c5 b6 31.e5 bxc5 32.Bxc6 Ra2+ 33.Kg1 Rc8 34.Bd2 Bxd2 35.Nxd2 Rxd2
36.Rxd2 Rxc6 37.Rd6 Rc7 38.Ra3 Kg7 39.Raa6 c4 40.Rac6 Rb7 41.Rxc4 Rb1+ 42.Kf2 Rb2+
43.Ke1 Re2+ 44.Kf1 Re3 45.Rc7 g5 46.Rf6 Bh5 47.g4 Bxg4 48.Rcxf7+ Kg8 49.f5 Bh5
50.Re7 g4 51.Kf2 Rc3 52.Rd6 Rf3+ 53.Kg2 Kf8 54.f6  1-0

[Event "Chess Classic Open"]
[Site "Gausdal NOR"]
[Date "2007.04.25"]
[Round "8"]
[White "Dworakowska,J"]
[Black "Stokke,K"]
[Result "1/2-1/2"]
[WhiteElo "2363"]
[BlackElo "2339"]

1.d4 Nf6 2.c4 g6 3.Nf3 Bg7 4.g3 O-O 5.Bg2 d6 6.O-O Nc6 7.Nc3 Bf5 8.b3 Ne4
9.Bb2 Nxc3 10.Bxc3 Be4 11.e3 e5 12.d5 Ne7 13.Rc1 Qd7 14.Nxe5 Bxe5 15.Bxe4 Bxc3
16.Rxc3 b6 17.Bg2 Kg7 18.e4 f6 19.f4 Rae8 20.Re1 Ng8 21.Rce3 Rf7 22.e5 fxe5
23.fxe5 dxe5 24.Rxe5 Rxe5 25.Rxe5 Re7 26.Qd4 Rxe5 27.Qxe5+ Nf6 28.Bh3 Qd6
29.Qxd6 cxd6 30.Kf2 a5 31.Ke3 Ne8 32.Bc8 Kf6 33.Kf4 Nc7 34.h4 h6 35.Ke4 Ne8
36.a3 Ke7 37.Kd4 Kd8 38.Bg4 Ke7 39.Bd1 Nc7 40.b4 axb4 41.axb4 Na6 42.Ke4  1/2-1/2

[Event "I Open Casino"]
[Site "Lugano SUI"]
[Date "2007.05.01"]
[Round "5"]
[White "Stojanovic,Mih"]
[Black "Ambrosini,N"]
[Result "1-0"]
[WhiteElo "2588"]
[BlackElo "2291"]

1.Nf3 g6 2.d4 Nf6 3.c4 Bg7 4.g3 O-O 5.Bg2 d6 6.O-O Nc6 7.Nc3 a6 8.d5 Na5
9.Nd2 c5 10.Qc2 Rb8 11.b3 b5 12.Bb2 Bf5 13.e4 Bd7 14.Rab1 bxc4 15.bxc4 e5
16.Nd1 Bh6 17.Ne3 Bxe3 18.fxe3 Ng4 19.Qd3 Qc7 20.Bc3 Rxb1 21.Rxb1 Ba4 22.Rb2 Ra8
23.Bxa5 Qxa5 24.Qa3 Rf8 25.Bf3 f5 26.exf5 gxf5 27.Bd1 Nxe3 28.Qxe3  1-0

[Event "12th Cvitanovic Mem A"]
[Site "Split CRO"]
[Date "2007.05.04"]
[Round "7"]
[White "Martinovic,Sa"]
[Black "Ljubicic,F"]
[Result "1/2-1/2"]
[WhiteElo "2400"]
[BlackElo "2396"]

1.d4 d6 2.c4 Nf6 3.Nf3 g6 4.g3 Bg7 5.Bg2 O-O 6.O-O Nbd7 7.Nc3 e5 8.e4 c6
9.h3 Qb6 10.c5 dxc5 11.dxe5 Ne8 12.e6 fxe6 13.Ng5 Ne5 14.f4 Nf7 15.Nxf7 Bd4+
16.Kh2 Rxf7 17.e5 Bxc3 18.bxc3 Qc7 19.Be3 b6 20.Rf2 Ba6 21.Qa4 Bb5 22.Qe4 Rd8
23.a4 Bd3 24.Qxc6 Qxc6 25.Bxc6 Rc7 26.Bb5 a6 27.Bc6 Rf7 28.Rd2 Rc7 29.Rf2 c4
30.Rd2  1/2-1/2

[Event "ch-LTU"]
[Site "Siauliai LTU"]
[Date "2007.05.05"]
[Round "1"]
[White "Kveinys,A"]
[Black "Savickas,A"]
[Result "1/2-1/2"]
[WhiteElo "2546"]
[BlackElo "2372"]

1.Nf3 Nf6 2.c4 g6 3.d4 Bg7 4.g3 O-O 5.Bg2 d6 6.O-O Nc6 7.Nc3 Bf5 8.Ne1 Na5
9.e4 Bg4 10.f3 Bd7 11.Qe2 c5 12.dxc5 dxc5 13.Nc2 Ne8 14.Rd1 Nd6 15.Na3 Nc6
16.Bg5 h6 17.Be3 Nd4 18.Qd2 Kh7 19.Re1 e5 20.Nd5  1/2-1/2

[Event "25th Liechtenstein Open"]
[Site "Triesen LIE"]
[Date "2007.05.11"]
[Round "1"]
[White "Meenakshi,Sub"]
[Black "Bergen,K"]
[Result "1-0"]
[WhiteElo "2370"]
[BlackElo "1961"]

1.d4 Nf6 2.c4 g6 3.g3 Bg7 4.Bg2 d6 5.Nf3 O-O 6.Nc3 Nbd7 7.O-O e5 8.e4 c6
9.b3 Qb6 10.Bb2 exd4 11.Nxd4 Nc5 12.Qc2 a5 13.Rad1 Re8 14.Rfe1 a4 15.h3 axb3
16.axb3 Nh5 17.Nce2 Ra2 18.Qb1 Ra8 19.Bc3 Nf6 20.Nc1 Na4 21.Ba1 Nc5 22.Bb2 Bd7
23.Kh2 Qc7 24.b4 Na4 25.Ba1 Be6 26.Nxe6 Rxe6 27.Nd3 Nb6 28.Nf4 Ree8 29.Qb3 Qe7
30.f3 Nbd7 31.Bd4 Ne5 32.Nd3 Nfd7 33.Nxe5 dxe5 34.Be3 Nf8 35.Bc5 Qf6 36.Be3 Red8
37.Bb6 Rxd1 38.Rxd1 h5 39.h4 Ne6 40.Rd7 Rb8 41.Ba7 Rd8 42.Rxb7 Bh6 43.Rb8 Rxb8
44.Bxb8 g5 45.hxg5 Qxg5 46.Qc3 Bg7 47.Ba7 h4 48.Bf2 hxg3+ 49.Bxg3 Nd4 50.Qd3 Qe7
51.b5 Qc5 52.Bf1 Bh6 53.b6 Qxb6 54.Bxe5 Ne6 55.Qe2 Qc5 56.Qg2+ Kf8 57.Qg3 Qxe5
58.Qxe5 Bf4+ 59.Qxf4 Nxf4 60.Kg3 Ne6 61.Bh3 Nd4 62.Kf4 f6 63.Bg4 Ke7 64.e5 c5
65.Ke4 fxe5 66.Kxe5 Nb3 67.Be6 Nd4 68.Bd5  1-0

[Event "Grand Prix Open"]
[Site "Galatzi ROM"]
[Date "2007.05.12"]
[Round "6"]
[White "Malaniuk,V"]
[Black "Bonte,An"]
[Result "1-0"]
[WhiteElo "2529"]
[BlackElo "2305"]

1.Nf3 Nf6 2.c4 g6 3.d4 Bg7 4.g3 O-O 5.Bg2 d6 6.O-O a6 7.Nc3 Nc6 8.e3 Rb8
9.Qe2 b5 10.Rd1 b4 11.Nd5 Nxd5 12.cxd5 Na5 13.e4 c6 14.dxc6 Nxc6 15.Be3 Qa5
16.h3 Bd7 17.Bf1 f5 18.e5 dxe5 19.Qc4+ Kh8 20.dxe5 Be8 21.Rd5 Bf7 22.Rxa5 Bxc4
23.Rc5 Bxf1 24.Kxf1 Nd8 25.Nd4 Nb7 26.Rd5 Rfd8 27.Rxd8+ Nxd8 28.f4 Rc8 29.a3 Nc6
30.Rc1 bxa3 31.bxa3 Na7 32.Rb1 Kg8 33.Ke2 Nb5 34.Nxb5 axb5 35.Rxb5 Rc2+ 36.Kf3 Ra2
37.Bc5 e6 38.Rb8+ Kf7 39.Rb7+ Kg8 40.Rb8+ Kf7 41.Rb7+ Kg8 42.h4 Rc2 43.Bd6 Rc3+
44.Kg2 Rc2+ 45.Kh3 h6 46.a4 Ra2 47.Ra7 g5 48.hxg5 hxg5 49.fxg5 Re2 50.a5 Bxe5
51.Bxe5 Rxe5 52.a6 Re4 53.Rb7  1-0